00466nam a2200193Ia 4500008004100000020001800041050001400059100001700073245002500090245001700115260001500132260001600147260000900163300001500172300002700187300001000214440004000224500000800264170918s9999 xx 000 0 und d a9780531187883 bW429 2007 aWeiss, Ellen aFrom eye to potato / cEllen Weiss. aNew York : bScholastic, c2007 a24 pages : bcolored illustration ; c20cm. aScholastic news nonfiction readers. a480